Metros Near Borders Quiz Stats

Quiz Updated Jul 13, 2016

Challenge
Share
Tweet
Embed
Score 0/19 Timer 10:00
6 Plays Today
Population Metro Area % Correct
24,200,000Seoul (23.7 miles to North Korea)
68.7%
13,300,000Buenos Aires (29.9 miles to Uruguay)
67.6%
3,025,000San Diego (13.2 miles to Mexico)
63.2%
2,375,000Vancouver (17.3 miles to USA)
59.6%
5,550,000Detroit (1.0 mile to Canada)
58.8%
4,900,000Singapore (10.2 miles to Malaysia)
54.8%
2,000,000Vienna (23.8 miles to Slovakia)
48.1%
3,550,000Rome (1.3 miles to Vatican City)
42.2%
8,900,000Kinshasa (3.7 miles to Republic of the Congo)
33.9%
3,575,000Milan (25.7 miles to Switzerland)
33.3%
Population Metro Area % Correct
2,275,000Tel Aviv (11.8 miles to Palestine)
31.4%
2,300,000Budapest (23.8 miles to Slovakia)
29.8%
2,700,000Damascus (14.4 miles to Lebanon)
24.1%
2,600,000Port-au-Prince (22.9 miles to Dominican Republic)
23.1%
2,175,000AsunciĆ³n (2.9 miles to Argentina)
20.1%
8,550,000Lahore (13.4 miles to India)
19.7%
2,975,000Amman (23.2 miles to Palestine)
18.8%
2,500,000Tashkent (8.9 miles to Kazakhstan)
10.7%
2,900,000Aleppo (26 miles to Turkey)
7.4%

You're not logged in!

Compare scores with friends on all Sporcle quizzes.
Sign Up with Email
OR
Log In

You Might Also Like...

Show Comments

Extras

Top Quizzes Today


Score Distribution

Your Account Isn't Verified!

In order to create a playlist on Sporcle, you need to verify the email address you used during registration. Go to your Sporcle Settings to finish the process.